Biomaterials

Salvato in:
Dettagli Bibliografici
Autore principale: Bhat, Sujata V. (Autore)
Natura: Libro
Lingua:inglese
Pubblicazione: Boston : Kluwer Academic Publishers, 2002
Tags: Aggiungi Tag
Nessun Tag, puoi essere il primo ad aggiungerne!!

MARC

LEADER 00000nam a22000003a 4500
001 stu90441
005 20150617225623.3
008 040929s2002----xxu-----------------eng-d
020 |a 0-7923-7058-9 
040 |a STU  |b slo 
041 0 |a eng 
044 |a xxu 
080 |a 678.01 
100 1 |a Bhat, Sujata V.  |4 aut 
245 1 |a Biomaterials 
260 |a Boston :  |b Kluwer Academic Publishers,  |c 2002 
300 |a 265 s. Obr.,tab.,grafy,lit.,index 
996 |b C98069  |c C*98069  |l CCXXIVA  |s P  |a 0  |w stu90441_0001